One Atletico Madrid Player by Nation - Statistics

General Stats
  • This quiz has been taken 2,406 times
    40 since last reset
  • The average score is 11 of 16
Answer Stats
Nation Player % Correct
Argentina Ángel Correa | Sergio Agüero | Leo Franco | +33 others
100%
Uruguay Diego Godín | José María Giménez | Diego Forlán | +11 others
100%
Spain Koke | Saúl Ñíguez | Gabi | +187 others
100%
France Antoine Griezmann | Thomas Lemar | Peter Luccin | +7 others
94%
Portugal Tiago | Simão | Paulo Futre | +9 others
88%
Belgium Yannick Carrasco | Thibaut Courtois | Toby Alderweireld | +2 others
88%
Brazil Filipe Luís | Miranda | Paulo Assunção | +19 others
85%
Turkey Arda Turan | Çağlar Söyüncü | Emre Belözoğlu
76%
Colombia Luis Amaranto Perea | Radamel Falcao | Santiago Arias | +3 others
76%
Croatia Šime Vrsaljko | Mario Mandžukić | Nikola Kalinić | +1 other
74%
Italy Michele Serena | Demetrio Albertini | Christian Vieri | +7 others
65%
Netherlands Kiki Musampa | Jimmy Floyd Hasselbaink | Memphis Depay | +1 other
59%
Mexico Héctor Herrera | Luis García Postigo | Raúl Jiménez | +1 other
56%
Serbia Milinko Pantić | Mateja Kežman | Zoran Njeguš | +7 others
18%
Bulgaria Martin Petrov | Lyuboslav Penev
12%
Czechia Radek Bejbl | Tomáš Ujfaluši
12%
No matching quizzes found
Score Distribution
Percent of People with Each Score
Percentile by Number Answered
Your Score History
You have not taken this quiz since the last reset